Highest Rated Playstation (PS1) Games of All Time - Statistics

General Stats
  • This quiz has been taken 28 times
  • The average score is 10 of 25
Answer Stats
Hint Answer % Correct
Score 92 Year 1997 Final Fantasy VII
84%
Score 94 Year 1998 Metal Gear Solid
84%
Score 94 Year 2000 Final Fantasy IX
80%
Score 91 Year 1996 Resident Evil
80%
Score 91 Year 1998 Crash Bandicoot 3: Warped
72%
Score 96 Year 1998 Gran Turismo
72%
Score 91 Year 1996 Tomb Raider
60%
Score 93 Year 1999 Gran Turismo 2
56%
Score 96 Year 1998 Tekken 3
56%
Score 91 Year 1999 Resident Evil 3: Nemesis
48%
Score 91 Year 2000 Spyro: Year of the Dragon
40%
Score 92 Year 1999 Tony Hawks Pro Skater
36%
Score 93 Year 1999 Street Fighter Alpha 3
32%
Score 98 Year 2000 Tony Hawks Pro Skater 2
32%
Score 90 Year 1999 Ape Escape
28%
Score 94 Year 2000 Chrono Cross
28%
Score 90 Year 1999 Syphon Filter
28%
Score 93 Year 1996 Wipeout XL
24%
Score 93 Year 1997 Castlevania: Symphony of the Night
20%
Score 92 Year 2000 Vagrant Story
20%
Score 92 Year 1999 Medal of Honor
16%
Score 92 Year 1997 PaRappa the Rapper
8%
Score 91 Year 1999 Legacy of Kain: Soul Reaver
4%
Score 91 Year 1997 Colony Wars
0%
Score 90 Year 2001 Dance Dance Revolution
0%
No matching quizzes found
Score Distribution
Percent of People with Each Score
Percentile by Number Answered
Your Score History
You have not taken this quiz